000
00266nam a2200097Ia 4500
001
680331
005
20250826161339.0
008
250824s9999 xx 000 0 und d
245
0
_a
BATAKLIĞIN KIYISINDAKİ EV
_c
YEŞİM SAYGIN ARMUTAK
260
_b
GÜNIŞIĞI YAYINLARI
999
_c
680331
_d
680331